<?xml version="1.0" encoding="UTF-8"?>
<record
    xmlns:xsi="http://www.w3.org/2001/XMLSchema-instance"
    xsi:schemaLocation="http://www.loc.gov/MARC21/slim http://www.loc.gov/standards/marcxml/schema/MARC21slim.xsd"
    xmlns="http://www.loc.gov/MARC21/slim">

  <leader>04937cam a2200697 i 4500</leader>
  <controlfield tag="001">C406905</controlfield>
  <controlfield tag="003">OSt</controlfield>
  <controlfield tag="005">20260224020004.0</controlfield>
  <controlfield tag="007">ta                    </controlfield>
  <controlfield tag="008">240320s2023    be ||||j 6    000|1 fre  </controlfield>
  <controlfield tag="009">4</controlfield>
  <datafield tag="020" ind1=" " ind2=" ">
    <subfield code="a">9782808504300</subfield>
    <subfield code="q">(broch&#xE9;)</subfield>
  </datafield>
  <datafield tag="024" ind1="3" ind2=" ">
    <subfield code="a">9782808504300</subfield>
  </datafield>
  <datafield tag="035" ind1=" " ind2=" ">
    <subfield code="a">(BNF)474058660000006</subfield>
  </datafield>
  <datafield tag="035" ind1=" " ind2=" ">
    <subfield code="a">(BTLF)NOT16993118831184</subfield>
  </datafield>
  <datafield tag="035" ind1=" " ind2=" ">
    <subfield code="a">(SQTD)5309489</subfield>
  </datafield>
  <datafield tag="035" ind1=" " ind2=" ">
    <subfield code="a">(SDM)C406905</subfield>
  </datafield>
  <datafield tag="040" ind1=" " ind2=" ">
    <subfield code="a">SDM</subfield>
    <subfield code="b">fre</subfield>
    <subfield code="e">rda</subfield>
    <subfield code="d">SQTD</subfield>
    <subfield code="c">CDM</subfield>
  </datafield>
  <datafield tag="041" ind1="1" ind2=" ">
    <subfield code="a">fre</subfield>
    <subfield code="h">spa</subfield>
  </datafield>
  <datafield tag="082" ind1=" " ind2=" ">
    <subfield code="a">BD HOO</subfield>
    <subfield code="2">23</subfield>
  </datafield>
  <datafield tag="100" ind1="1" ind2=" ">
    <subfield code="a">Tur, M&#xED;riam Bonastre</subfield>
    <subfield code="e">auteur,</subfield>
    <subfield code="e">artiste.</subfield>
    <subfield code="9">1464507a</subfield>
    <subfield code="8">1384135a</subfield>
  </datafield>
  <datafield tag="240" ind1="1" ind2="0">
    <subfield code="a">Hooky.</subfield>
    <subfield code="k">Extraits.</subfield>
    <subfield code="l">Fran&#xE7;ais</subfield>
  </datafield>
  <datafield tag="245" ind1="1" ind2="0">
    <subfield code="a">Hooky.</subfield>
    <subfield code="n">Tome 3 /</subfield>
    <subfield code="c">M&#xED;riam Bonastre Tur ; traduction, Soline le Saux.</subfield>
  </datafield>
  <datafield tag="250" ind1=" " ind2=" ">
    <subfield code="a">Premi&#xE8;re &#xE9;dition.</subfield>
  </datafield>
  <datafield tag="300" ind1=" " ind2=" ">
    <subfield code="a">222 pages :</subfield>
    <subfield code="b">principalement des illustrations en couleur ;</subfield>
    <subfield code="c">24 cm.</subfield>
  </datafield>
  <datafield tag="520" ind1="8" ind2=" ">
    <subfield code="a">Les jumeaux Dorian et Dani appartiennent &#xE0; une longue lign&#xE9;e de sorciers. Alors qu'ils ratent leur autobus pour l'&#xE9;cole de magie, ils cherchent un endroit pour passer les neuf prochains mois afin de ne pas d&#xE9;cevoir leurs parents. Ils se rendent chez leur sinistre tante Hilde et lui demandent de devenir leur professeure attitr&#xE9;e. Lors d'une mission qu'elle leur a assign&#xE9;e, Dorian r&#xE9;cup&#xE8;re par curiosit&#xE9; un oeuf de dragon et c'est alors que le fr&#xE8;re et la soeur provoquent la col&#xE8;re des sorciers qui les accusent de trahison. En fuite, ils trouvent refuge chez ma&#xEE;tre Pendragon, un devin, et son assistant Nico et d&#xE9;couvrent qu'un important complot s'op&#xE8;re dans le monde des sorciers. En effet, ces derniers souhaitent ne plus vivre cach&#xE9;s et veulent se venger de l'oppression des hommes. Les jumeaux, qui sont &#xE0; la recherche de leurs parents, sont pris en chasse et se retrouvent au coeur d'une proph&#xE9;tie annon&#xE7;ant que l'un d'eux sera un sorcier mal&#xE9;fique. Dans ce troisi&#xE8;me opus, la fratrie part &#xE0; la recherche du prince William qui a myst&#xE9;rieusement disparu, mais ils doivent faire vite, car le roi Damien, leur grand fr&#xE8;re, nourrit des id&#xE9;es de vengeance. [SDM]</subfield>
  </datafield>
  <datafield tag="520" ind1="1" ind2=" ">
    <subfield code="a">Adapt&#xE9;e de son format webtoon, cette s&#xE9;rie de bande dessin&#xE9;e suit ici la destin&#xE9;e d'un fr&#xE8;re et d'une soeur gaffeurs qui s'adjoignent au fil de leurs p&#xE9;rip&#xE9;ties de divers acolytes, notamment la princesse Monica ainsi que ma&#xEE;tre Pandragon et son assistant Nico. Alors que les relations entre les personnages se d&#xE9;veloppent plus rapidement que l'intrigue elle-m&#xEA;me, on constate que l'histoire s'obscurcit au fil des pages et s'ouvre sur la r&#xE9;surgence de vives tensions entre humains et sorciers. Malgr&#xE9; le fait que certaines sc&#xE8;nes s'&#xE9;tirent en longueur et engendrent quelques moments de confusion, on se plait &#xE0; d&#xE9;couvrir ces protagonistes aux personnalit&#xE9;s compl&#xE9;mentaires et bien camp&#xE9;es. Port&#xE9;s par un trait expressif qui s'inspire des mangas, les dessins poss&#xE8;dent des arri&#xE8;re-plans peu d&#xE9;taill&#xE9;s tandis que les phylact&#xE8;res changent de couleur selon le personnage qui s'exprime. [SDM]</subfield>
  </datafield>
  <datafield tag="521" ind1=" " ind2=" ">
    <subfield code="a">E++J+ 3.</subfield>
  </datafield>
  <datafield tag="590" ind1=" " ind2=" ">
    <subfield code="a">E++J+</subfield>
  </datafield>
  <datafield tag="650" ind1=" " ind2="6">
    <subfield code="a">Sorciers</subfield>
    <subfield code="v">Bandes dessin&#xE9;es.</subfield>
  </datafield>
  <datafield tag="650" ind1=" " ind2="6">
    <subfield code="a">Jumeaux</subfield>
    <subfield code="v">Bandes dessin&#xE9;es.</subfield>
  </datafield>
  <datafield tag="650" ind1=" " ind2="6">
    <subfield code="a">Fr&#xE8;res et soeurs</subfield>
    <subfield code="v">Bandes dessin&#xE9;es.</subfield>
  </datafield>
  <datafield tag="650" ind1=" " ind2="6">
    <subfield code="a">Magie</subfield>
    <subfield code="v">Bandes dessin&#xE9;es.</subfield>
  </datafield>
  <datafield tag="650" ind1=" " ind2="6">
    <subfield code="a">Proph&#xE9;tie</subfield>
    <subfield code="v">Bandes dessin&#xE9;es.</subfield>
  </datafield>
  <datafield tag="650" ind1=" " ind2="6">
    <subfield code="a">Impairs</subfield>
    <subfield code="v">Bandes dessin&#xE9;es.</subfield>
  </datafield>
  <datafield tag="650" ind1=" " ind2="6">
    <subfield code="a">Maladresse</subfield>
    <subfield code="v">Bandes dessin&#xE9;es.</subfield>
  </datafield>
  <datafield tag="650" ind1=" " ind2="6">
    <subfield code="a">Princesses</subfield>
    <subfield code="v">Bandes dessin&#xE9;es.</subfield>
  </datafield>
  <datafield tag="650" ind1=" " ind2="6">
    <subfield code="a">Princes</subfield>
    <subfield code="v">Bandes dessin&#xE9;es.</subfield>
  </datafield>
  <datafield tag="650" ind1=" " ind2="6">
    <subfield code="a">Personnes disparues</subfield>
    <subfield code="v">Bandes dessin&#xE9;es.</subfield>
  </datafield>
  <datafield tag="650" ind1=" " ind2="6">
    <subfield code="a">Amiti&#xE9;</subfield>
    <subfield code="v">Bandes dessin&#xE9;es.</subfield>
  </datafield>
  <datafield tag="650" ind1=" " ind2="7">
    <subfield code="a">Sorciers</subfield>
    <subfield code="v">Bandes dessin&#xE9;es</subfield>
    <subfield code="2">vmj</subfield>
    <subfield code="9">435083a,434208v</subfield>
    <subfield code="8">435083a,434208v</subfield>
  </datafield>
  <datafield tag="650" ind1=" " ind2="7">
    <subfield code="a">Jumeaux</subfield>
    <subfield code="v">Bandes dessin&#xE9;es</subfield>
    <subfield code="2">vmj</subfield>
    <subfield code="9">434852a,434208v</subfield>
    <subfield code="8">434852a,434208v</subfield>
  </datafield>
  <datafield tag="650" ind1=" " ind2="7">
    <subfield code="a">Fr&#xE8;res et soeurs</subfield>
    <subfield code="v">Bandes dessin&#xE9;es</subfield>
    <subfield code="2">vmj</subfield>
    <subfield code="9">435198a,434208v</subfield>
    <subfield code="8">435198a,434208v</subfield>
  </datafield>
  <datafield tag="650" ind1=" " ind2="7">
    <subfield code="a">Magie</subfield>
    <subfield code="v">Bandes dessin&#xE9;es</subfield>
    <subfield code="2">vmj</subfield>
    <subfield code="9">434097a,434208v</subfield>
    <subfield code="8">434097a,434208v</subfield>
  </datafield>
  <datafield tag="650" ind1=" " ind2="7">
    <subfield code="a">Proph&#xE9;ties (Occultisme)</subfield>
    <subfield code="v">Bandes dessin&#xE9;es</subfield>
    <subfield code="2">vmj</subfield>
    <subfield code="9">434840a,434208v</subfield>
    <subfield code="8">434840a,434208v</subfield>
  </datafield>
  <datafield tag="650" ind1=" " ind2="7">
    <subfield code="a">Gaffes</subfield>
    <subfield code="v">Bandes dessin&#xE9;es</subfield>
    <subfield code="2">vmj</subfield>
    <subfield code="9">1090021a,434208v</subfield>
    <subfield code="8">1090021a,434208v</subfield>
  </datafield>
  <datafield tag="650" ind1=" " ind2="7">
    <subfield code="a">Maladresse</subfield>
    <subfield code="v">Bandes dessin&#xE9;es</subfield>
    <subfield code="2">vmj</subfield>
    <subfield code="9">435305a,434208v</subfield>
    <subfield code="8">435305a,434208v</subfield>
  </datafield>
  <datafield tag="650" ind1=" " ind2="7">
    <subfield code="a">Princesses</subfield>
    <subfield code="v">Bandes dessin&#xE9;es</subfield>
    <subfield code="2">vmj</subfield>
    <subfield code="9">435353a,434208v</subfield>
    <subfield code="8">435353a,434208v</subfield>
  </datafield>
  <datafield tag="650" ind1=" " ind2="7">
    <subfield code="a">Princes</subfield>
    <subfield code="v">Bandes dessin&#xE9;es</subfield>
    <subfield code="2">vmj</subfield>
    <subfield code="9">435185a,434208v</subfield>
    <subfield code="8">435185a,434208v</subfield>
  </datafield>
  <datafield tag="650" ind1=" " ind2="7">
    <subfield code="a">Personnes disparues</subfield>
    <subfield code="v">Bandes dessin&#xE9;es</subfield>
    <subfield code="2">vmj</subfield>
    <subfield code="9">435225a,434208v</subfield>
    <subfield code="8">435225a,434208v</subfield>
  </datafield>
  <datafield tag="650" ind1=" " ind2="7">
    <subfield code="a">Amiti&#xE9;</subfield>
    <subfield code="v">Bandes dessin&#xE9;es</subfield>
    <subfield code="2">vmj</subfield>
    <subfield code="9">435477a,434208v</subfield>
    <subfield code="8">435477a,434208v</subfield>
  </datafield>
  <datafield tag="655" ind1=" " ind2="7">
    <subfield code="a">Bandes dessin&#xE9;es de merveilleux h&#xE9;ro&#xEF;que.</subfield>
    <subfield code="2">rvmgf</subfield>
  </datafield>
  <datafield tag="655" ind1=" " ind2="7">
    <subfield code="a">Bandes dessin&#xE9;es d'aventures.</subfield>
    <subfield code="2">rvmgf</subfield>
  </datafield>
  <datafield tag="655" ind1=" " ind2="7">
    <subfield code="a">Documents pour la jeunesse.</subfield>
    <subfield code="2">rvmgf</subfield>
  </datafield>
  <datafield tag="655" ind1=" " ind2="7">
    <subfield code="a">Bandes dessin&#xE9;es de genre merveilleux</subfield>
    <subfield code="2">vmj</subfield>
    <subfield code="9">467212a</subfield>
    <subfield code="8">467212a</subfield>
  </datafield>
  <datafield tag="655" ind1=" " ind2="7">
    <subfield code="a">Bandes dessin&#xE9;es d'aventures</subfield>
    <subfield code="2">vmj</subfield>
    <subfield code="9">460565a</subfield>
    <subfield code="8">460565a</subfield>
  </datafield>
  <datafield tag="700" ind1="1" ind2=" ">
    <subfield code="a">Tur, M&#xED;riam Bonastre.</subfield>
    <subfield code="t">Hooky.</subfield>
    <subfield code="k">Extraits.</subfield>
  </datafield>
  <datafield tag="908" ind1=" " ind2=" ">
    <subfield code="a">BNF</subfield>
  </datafield>
  <datafield tag="908" ind1=" " ind2=" ">
    <subfield code="a">SDM</subfield>
  </datafield>
  <datafield tag="942" ind1=" " ind2=" ">
    <subfield code="2">ddc</subfield>
    <subfield code="c">BK</subfield>
    <subfield code="0">1</subfield>
  </datafield>
  <datafield tag="999" ind1=" " ind2=" ">
    <subfield code="c">43415</subfield>
    <subfield code="d">43415</subfield>
  </datafield>
  <datafield tag="952" ind1=" " ind2=" ">
    <subfield code="0">0</subfield>
    <subfield code="1">0</subfield>
    <subfield code="2">ddc</subfield>
    <subfield code="4">0</subfield>
    <subfield code="7">0</subfield>
    <subfield code="a">MAIN</subfield>
    <subfield code="b">MAIN</subfield>
    <subfield code="d">2026-02-11</subfield>
    <subfield code="l">1</subfield>
    <subfield code="o">BD HOO</subfield>
    <subfield code="p">208825</subfield>
    <subfield code="r">2026-05-12 16:42:34</subfield>
    <subfield code="s">2026-02-23</subfield>
    <subfield code="w">2026-02-11</subfield>
    <subfield code="y">BK</subfield>
  </datafield>
</record>
